| 000 | 01164cam a22002174a 4500 | ||
|---|---|---|---|
| 005 | 20250605163941.0 | ||
| 008 | 250528s ||||||||||||||||||||||||d | ||
| 035 | _a15041 | ||
| 020 | _a835900959 | ||
| 040 |
_aGR-AtMCL _bgre _dGR-AtMCL _eAACR2 |
||
| 245 | 1 | _aAccounting and Information Systems / Second Edition | |
| 250 | _a2nd | ||
| 260 |
_bPrentice Hall International, _c1982 |
||
| 300 | _a610 | ||
| 520 | _aPreface, Manual Accounting Systems, The Accounting System, Processing Accounting Transactions, Internal Control in Manual Accounting Systems, Basic Systems Case, System Analysis, System Analysis Techniques, System Analysis Application, Computer Hardware and Software, Data Files and Data Bases, System Development, Overview of System Development, System Objectives, System Design, System Implementation and Evaluation, Computer-Based Information Systems, Financial Accounting and Control Systems, Cash Receipts and Disbursements Systems, Sales and Purchases Systems, Internal Control and EDP Auditing, User Dictionary, Index. | ||
| 700 | 1 |
_aHooper Paul _9876 |
|
| 700 | 1 |
_aPage John _9877 |
|
| 942 | _cBK | ||
| 999 |
_c644 _d644 |
||